00755cam a22002051 4500001001300000003000400013005001700017008004100034010001700075035002000092040002700112042001200139050002100151110007900172245008600251260004800337300003100385650004800416830008500464agr44000180 DLC20260227111002.0890818s1944 dcua 000 0 eng  aagr44000180  a(OCoLC)22562596 aDLCcNNC-LdOCoLCdDLC apremarc00aT223.T2bA4 19441 aUnited States.bDepartment of Agriculture.bOffice of the General Counsel.10aPatent manual for employees of the United States Department of Agriculture, 1944; aWashington,bU.S. Govt. Print. Off.c[1944] aiii, 41 p.billus.c23 cm. 0aPatent laws and legislationzUnited States. 0aMiscellaneous publication (United States. Department of Agriculture) ;vno. 551.